Introducción a la microeconomía contemporánea / (Registro nro. 5486)

Detalles MARC
000 -LEADER
fixed length control field 01415nam a2200337Ia 4500
003 - CONTROL NUMBER IDENTIFIER
control field OSt
005 - DATE AND TIME OF LATEST TRANSACTION
control field 20200609134408.0
008 - FIXED-LENGTH DATA ELEMENTS--GENERAL INFORMATION
fixed length control field 191128s1974 sp ad gr 000 0 spa d
020 ## - INTERNATIONAL STANDARD BOOK NUMBER
International Standard Book Number 8431613858
040 ## - CATALOGING SOURCE
Original cataloging agency CO-JMCR
Transcribing agency CO-JMCR
041 1# - LANGUAGE CODE
Language code of text/sound track or separate title spa
Language code of original eng
082 04 - DEWEY DECIMAL CLASSIFICATION NUMBER
Classification number 330.1 /
Item number C475i
Edition number 23
100 1# - MAIN ENTRY--PERSONAL NAME
Personal name Charles Walsh, Vivian,
Relator term autor
9 (RLIN) 5238
245 10 - TITLE STATEMENT
Title Introducción a la microeconomía contemporánea /
Statement of responsibility, etc. Vivian Charles Walsh ; traducción Eugenia Salvador Mencerré ; revisión Juan Angelet Cladellas ; adaptación Luis Barbé Duran
250 ## - EDITION STATEMENT
Edition statement Primera edición
260 ## - PUBLICATION, DISTRIBUTION, ETC.
Place of publication, distribution, etc. Barcelona :
Name of publisher, distributor, etc. Editorial Vicens-Vives,
Date of publication, distribution, etc. 1974
300 ## - PHYSICAL DESCRIPTION
Extent xxiii, 358 páginas :
Other physical details gráficos a blanco y negro ;
Dimensions 22 cm.
490 0# - SERIES STATEMENT
Series statement Vicens universidad
500 ## - GENERAL NOTE
General note Incluye índice de autores y materias.
505 ## - FORMATTED CONTENTS NOTE
Formatted contents note Teoría general de la elección -- Teoría del bienestar -- Teoría del consumidor -- Sistemas económicos -- Teoría de la producción
534 ## - ORIGINAL VERSION NOTE
Introductory phrase Introduction to contemporary microeconomics
546 ## - LANGUAGE NOTE
Language note Traducido del inglés
650 14 - SUBJECT ADDED ENTRY--TOPICAL TERM
Topical term or geographic name entry element Microeconomía
9 (RLIN) 5239
650 24 - SUBJECT ADDED ENTRY--TOPICAL TERM
Topical term or geographic name entry element Teoría económica
9 (RLIN) 5240
650 24 - SUBJECT ADDED ENTRY--TOPICAL TERM
Topical term or geographic name entry element Economía del bienestar
9 (RLIN) 3975
650 24 - SUBJECT ADDED ENTRY--TOPICAL TERM
Topical term or geographic name entry element Demanda Teoría del consumo
9 (RLIN) 5241
700 1# - ADDED ENTRY--PERSONAL NAME
Personal name Mencerré, Eugenia Salvador,
Relator term traducción
9 (RLIN) 5242
700 1# - ADDED ENTRY--PERSONAL NAME
Personal name Cladellas, Juan Angelet,
Relator term revisor
9 (RLIN) 5243
700 1# - ADDED ENTRY--PERSONAL NAME
Personal name Barbé Duran, Luis,
Relator term adaptación
9 (RLIN) 5244
942 ## - ADDED ENTRY ELEMENTS (KOHA)
Source of classification or shelving scheme Dewey Decimal Classification
Koha item type Books
Existencias
Withdrawn status Lost status Source of classification or shelving scheme Materials specified (bound volume or other part) Damaged status Not for loan Home library Current library Date acquired Total Checkouts Full call number Barcode Date last seen Copy number Price effective from Koha item type
    Dewey Decimal Classification Donación--15/04/2018--     Biblioteca Pública José María del Castillo y Rada Biblioteca Pública José María del Castillo y Rada 11/28/2019   330.1 / C475i 430001979 05/16/2024 Ej.1 11/28/2019 Books